000 00432nam a22001697a 4500
005 20230727141020.0
008 230727b |||||||| |||| 00| 0 eng d
020 _a978-81-931981-0-
041 _aeng
082 _a345.400 5
100 _aDHAL, DEBI PRASHAD
_97894
245 _aINDIAN BAR REVIEW VOL-47[4] 2020
260 _aNEW DELHI
_bBAR COUNCIL OF INDIA TRUST
_c2020
300 _a470;p
650 _aLAW
_97895
942 _cBK
999 _c8349
_d8347